Najmniejsze państwa na Mistrzostwach Świata 2022 - Statystyki

Ogólne statystyki
  • Ten quiz został rozwiązany 155 razy
    78 od ostatniego zresetowania
  • Średni wynik to 5 z 10
Statystyki odpowiedzi
Powierzchnia (km²) Reprezentacja % Poprawnych
11 437 Katar
82%
30 355 Belgia
58%
41 526 Holandia
57%
99 720 Korea Południowa
48%
56 784 Chorwacja
45%
51 100 Kostaryka
45%
77 474 Serbia
45%
41 290 Szwajcaria
43%
43 098 Dania
42%
92 391 Portugalia
39%
Nie znaleziono quizów pasujących do podanych kryteriów
Rozkład punktacji
Procent ludzi z każdym wynikiem
Percentyl według liczby udzielonych odpowiedzi
Twoja historia wyników
Nie rozwiązałeś tego quizu od ostatniego zresetowania